000 00950nam a2200325Ia 4500
001 41901
003 IT-RoPAU
008 130308s9999 xx 000 0 und d
040 _aIT-RoPAU
040 _cIT-RoPAU
041 _aITALIANO
100 _aAA.VV.
100 _gCodice Aut. SPICS: 12000
245 _aNote schedario su spettacoli sotto il profilo C.S. (69/70)
245 _bNote schedario su spettacoli sotto Il profilo C.S. (69/70)
250 _a1a ed.
260 _aROMA
260 _bCiscs
260 _c1970 [1° Ed.:1970 - Ed.Ling.Originale:1970]
300 _a"246 p. (prefazione: no ; testo: 246)"
500 _aAppunti su Film Televisione Teatro spettacoli sotto Il profilo della Comunicazione Sociale
650 _aSCHEDE FILMOGRAFICHE
650 _eCodice materia Spics: 6814
700 _aTaddei Nazareno
700 _gCodice Aut. SPICS: 890
942 _cBK
957 _71
999 _c72757
_d72757
999 _bSI
999 _g1